Systems Analysis and Design Methods

Gespeichert in:
Bibliographische Detailangaben
1. Verfasser: Whitten, Jeffrey L.
Weitere Verfasser: Bentley, Lonnie D., Ho, Thomas I.M
Format: Buch
Sprache:Englisch
Veröffentlicht: St. Louis Times Mirror/Mosby College Pub. 1986
Ausgabe:1. ed.
Tags: Tag hinzufügen
Keine Tags, Fügen Sie das erste Tag hinzu!

MARC

LEADER 00000nam a2200000 4500
001 c034197
005 20221220073005.2
041 0 |a eng 
044 |a US 
245 1 0 |a Systems Analysis and Design Methods  |c Jeffrey L. Whitten, Lonnie D. Bentley, Thomas I.M. Ho 
250 |a 1. ed. 
264 1 |a St. Louis  |b Times Mirror/Mosby College Pub.  |c 1986 
300 |a 847 s. 
100 1 |a Whitten, Jeffrey L. 
700 1 |a Bentley, Lonnie D. 
700 1 |a Ho, Thomas I.M.